UBT Library

Financial economics, risk and information / (Record no. 1047)

000 -LEADER
fixed length control field 00518nam a22001937a 4500
008 - FIXED-LENGTH DATA ELEMENTS--GENERAL INFORMATION
fixed length control field 150617b xxu||||| |||| 00| 0 eng d
020 ## - INTERNATIONAL STANDARD BOOK NUMBER
International Standard Book Number 9789814355131
020 ## - INTERNATIONAL STANDARD BOOK NUMBER
International Standard Book Number 9814355135
041 0# - LANGUAGE CODE
Language code of text/sound track or separate title eng
080 ## - UNIVERSAL DECIMAL CLASSIFICATION NUMBER
Universal Decimal Classification number 336
100 1# - Rafti
Rafti Bianconi, Marcelo,
245 10 - TITLE STATEMENT
Title Financial economics, risk and information /
Statement of responsibility, etc Marcelo Bianconi.
250 ## -
-- 2nd ed.
260 ## -
-- Singapore ;
-- World Scientific,
-- 2012.
300 ## -
-- 475 f. :
-- me il.;
-- 23 cm.
500 ## -
-- Index: f.467-475
650 #0 -
-- Finance
942 ## - ADDED ENTRY ELEMENTS (KOHA)
Source of classification or shelving scheme
Item type Books
Holdings
Withdrawn status Lost status Source of classification or shelving scheme Damaged status Not for loan Collection code Permanent location Current location Shelving location Date acquired Total Checkouts Full call number Date last seen Price effective from Koha item type
          Koleksioni i përgjithshem UBT - Prishtine UBT - Prishtine Koleksioni i përgjithshem 06/17/2015   336 BIA 06/17/2015 06/17/2015 Books
UBT Library © 2015-2024. All rights reserved University Education for Business and Technology